000 00649nam a2200277Ia 4500
005 20260324144031.0
008 008 260324s9999 xx 000 0 eng d
020 _a9780429032998
037 _aEBOOK
040 _aCRL
040 _beng
040 _cCRL
041 _2eng
041 _aeng
084 _qCRL
100 _aAriel Levite
_91217830
245 0 _aOffense And Defense In Israeli Military Doctrine
260 _bTaylor and Francis
260 _c1989
365 _a
365 _b230
856 _uhttp://www.taylorfrancis.com/books/9780429032998
942 _cEBOOK
999 _c1823956
_d1823956